000 01469cam a22004454a 4500
001 50011
005 20230410124134.0
008 990708s1999 njua 000 0 eng
010 _a 99065246
035 _a(OCoLC)ocm44815525
040 _aDLC
_cDLC
_dBAKER
_dBTCTA
_dYDXCP
_dSTF
020 _a1565911024 (hardcover)
020 _a9781565911024 (hardcover)
029 1 _aNLGGC
_b203768760
029 1 _aYDXCP
_b1642781
029 1 _aNZ1
_b5894751
035 _a(OCoLC)44815525
042 _apcc
043 _aa-kr---
050 1 4 _aNA 7453.6
_bH247 1999
082 0 0 _a728/.09519
_221
049 _aGRAL
245 0 0 _aHanoak :
_btraditional Korean homes /
_cauthors, Choi, Jae-Soon ... [et al.].
246 3 0 _aTraditional Korean homes
260 _aElizabeth, NJ :
_bHollym,
_c1999.
300 _a239 p. :
_bcol. ill. ;
_c27 cm.
504 _aIncludes bibliographical references (p. 230-237)
650 0 _aArchitecture, Domestic
_zKorea.
650 0 _aVernacular architecture
_zKorea.
650 0 _aInterior decoration
_zKorea.
650 0 _aHouse furnishings
_zKorea.
700 1 _aChoi, Jae-Soon.
938 _aBaker & Taylor
_bBKTY
_c52.50
_d57.45
_i1565911024
_n0003444364
_sactive
938 _aBaker and Taylor
_bBTCP
_n99065246
938 _aYBP Library Services
_bYANK
_n1642781
856 4 2 _3Más?... busque en WorldCat (solo desde FUNGLODE)
_uwww.firstsearch.oclc.org/fsip
942 _2lcc
_cbk
946 _amfcruz
994 _aC0
_bDRFGD
999 _c71779
_d71779